[Event "Stay Safe Play From Home 349"]
[Site "Emanuel Lasker Arena"]
[Date "2020.08.02"]
[Round "4"]
[White "Stefanone"]
[Black "TheCHESSHOUSE"]
[Result "1-0"]
[WhiteElo "2017"]
[BlackElo "2114"]
[Annotator "TA"]
[PlyCount "101"]
[EventDate "2020.08.02"]
[EventType "swiss (blitz)"]

{[%evp 9,101,0,0,-21,-6,-63,-60,-70,2,0,0,0,12,0,125,125,212,110,171,152,161,166,393,192,281,93,283,249,316,316,316,301,318,311,377,279,370,379,392,368,375,360,374,366,411,400,380,-449,407,-252,-137,-364,-358,-502,-504,-676,-664,-1150,-1117,-1114,-1112,-29987,-1935,-29982,-29983,-29982,-29980,-29969,29974,29972,5672,409,418,366,1293,1051,1053,1026,29990,1026,1073,935,29985,29939,2104,1807,29989,29984,29984,0,29983,711,29980,-29990]} 1. d4 Nf6 2. e3 g6 3. f4 Bg7 4. Nf3 d6 5. Bd3 O-O 6. Qe2 {A45: Trompowsky Attack.} c5 {[#]} 7. e4 $146 (7. dxc5 $11 dxc5 8. O-O) ({Predecessor:} 7. c3 cxd4 8. cxd4 Nbd7 9. O-O Re8 10. f5 e5 11. fxg6 hxg6 12. dxe5 Nxe5 13. Nxe5 Rxe5 14. Nc3 Bd7 15. Qf3 Qe7 16. e4 Ng4 17. Qg3 Rh5 18. Be2 Bd4+ {0-1 (18) Vermunt,J (1830)-Mercier,L (1886) Metz 2010}) 7... d5 8. e5 {Black is slightly better.} Ne4 (8... c4 $1 $15 9. Bxc4 dxc4 10. exf6 exf6) 9. Bxe4 dxe4 10. Qxe4 cxd4 11. Nxd4 e6 (11... f6 $11 {remains equal.}) 12. Be3 $16 Qa5+ (12... f6 $16) 13. c3 (13. Nc3 $18) 13... Na6 (13... f6 $16) 14. Nd2 $18 Nc5 15. Qc2 {Hoping for b4.} b6 $2 (15... Qa4 {keeps fighting.}) 16. O-O (16. b4 $142 Qa4 17. bxc5 Qxc2 18. Nxc2) 16... Ba6 (16... Qa4 $142 17. b3 Qd7) 17. Rfc1 $2 (17. b4 $18 {and the rest is easy.} Qa4 18. bxc5 Qxc2 19. Nxc2 Bxf1 20. Rxf1) 17... Nd3 $2 (17... Qa4 $16) 18. Rd1 Rac8 {and the idea ...Bh6 leaves Black hopeful.} 19. N2b3 Qd5 {intending ...Qe4.} 20. Rxd3 Bxd3 21. Qxd3 Rfd8 22. Rd1 Bf8 23. Qe2 Qb7 24. Qf2 b5 25. a3 a6 26. g4 Qc7 27. h4 a5 28. Nxb5 $4 {[%mdl 8192]} (28. Rc1 $18) 28... Qc4 $4 {[%mdl 8192]} (28... Rxd1+ $19 {and life is good for Black.} 29. Kh2 Qc4) 29. Qf1 $4 {[%mdl 8192]} (29. N5d4 $18) 29... Qxb3 (29... Rxd1 $19 30. Qxd1 Qxb5) 30. Rxd8 $2 (30. Rb1 $17) 30... Rxd8 $19 31. Nd4 (31. Bd4 {might work better.} Qxb2 32. f5) 31... Qxb2 32. Qf2 Qxc3 33. f5 Bc5 34. fxe6 fxe6 {[%cal Rc5d4]} 35. Qf6 Re8 (35... Qxe3+ $142 36. Kg2 Rf8 37. Qxf8+ Bxf8 38. Nf3 Bxa3 39. Ng5 Bb4 40. Nf3 Be1 41. Nxe1 Qxe1 42. h5 Qe3 43. hxg6 hxg6 44. Kh1 a4 45. Kg2 a3 46. Kf1 a2 47. g5 a1=Q+ {[%mdl 64] Double Attack} 48. Kg2 Qag1#) 36. Nxe6 Qxe3+ 37. Kg2 Qg1+ 38. Kh3 Qf1+ $4 {[%mdl 8192]} (38... Qh1+ 39. Kg3 Qe1+ 40. Kh2 Qe2+ 41. Kg3 Qd3+ 42. Kh2 Qc2+ 43. Kh1 Qb1+ 44. Kh2 Qa2+ {[%mdl 64] Double Attack} 45. Kg3 Rxe6 46. Qd8+ Bf8 47. Qd4 Qb3+ 48. Kf4 Re7 49. Ke4 Qb1+ 50. Ke3 Qe1+ 51. Kd3 Rxe5 52. Qc4+ Kh8 $1 {[%mdl 512]} 53. Kc2 Re2+ 54. Qxe2 Qxe2+ 55. Kc3 Bg7+ 56. Kb3 Qd3+ 57. Ka4 Bc3 58. Kb3 a4+ $1 {[%mdl 576] Deflection, Decoy} 59. Kxa4 Qc4#) 39. Qxf1 Rxe6 {[%mdl 4096] Endgame [#] KQ-KRB} 40. Qf4 (40. Qc4 $142 $1 Kf7 41. Qxc5) 40... Kg7 41. Qc4 Rc6 $2 (41... Rxe5 42. g5 Kf8 43. Qf4+ Rf5 44. Qb8+ Kg7 45. Qc7+ Kg8 46. Qxa5 Bf2 47. Qd8+ Rf8 48. Qd5+ Kg7 49. Qe5+ Kg8) 42. Qd5 Rc7 43. e6 Be7 44. g5 (44. Qe5+ $142 Kg8 45. Qxc7 Bxa3 46. Qc8+ Kg7 47. Qc3+ $1 {[%mdl 576] Double Attack} Kg8 48. Qxa3 h5 49. gxh5) 44... Rc3+ 45. Kg2 {White wants to mate with Qe5+.} Rxa3 46. Kf1 Ra1+ 47. Kf2 {Intending Qe5+ and mate.} Ra2+ 48. Kf3 Ra3+ 49. Kf2 $2 (49. Kg2 {mates} h5 50. Qd7 $1 {[%mdl 512]} Kf8 51. Qc8+ Kg7 52. Qe8 Ra2+ 53. Kf3 Ra3+ 54. Ke4) 49... Ra4 $2 {[%mdl 8192] [#]} (49... Ra2+ $11 50. Qxa2 Bb4 51. Qb2+ Kg8 52. Qf6 Ba3 53. Kf3 Bb4 54. Kg4 Ba3) 50. Ke1 (50. Qb7 $142 $1 Rf4+ 51. Ke3 $1 {[%mdl 512]} Rf7 52. exf7 Kf8 53. Qa8+ Kxf7 54. Qxa5 Bf8 55. Qd5+ Kg7 56. Qd7+ Kh8 57. Qf7) 50... Rf4 51. Qd4+ $4 {[%mdl 40960] Accuracy: White = 30%, Black = 28%. . Loss on time!?} (51. Qe5+ Rf6 52. Ke2 h5 53. gxf6+ Bxf6 54. Qc7+ Kh8 {[#]} 55. Qf7 $1 {[%mdl 512]} Bxh4 56. Qxg6) 1-0

[Event "Stay Safe Play From Home 349"]
[Site "Emanuel Lasker Arena"]
[Date "2020.08.02"]
[Round "4"]
[White "Padmaesh M K"]
[Black "Trotsky"]
[Result "1-0"]
[WhiteElo "1883"]
[BlackElo "1592"]
[Annotator "NA"]
[PlyCount "47"]
[EventDate "2020.08.02"]
[EventType "swiss (blitz)"]

1. Nf3 {[%emt 0:00:02]} d5 {[%emt 0:00:01]} 2. d4 {[%emt 0:00:00]} e6 {[%emt 0:00:00]} 3. e3 {[%emt 0:00:00]} c5 {[%emt 0:00:01]} 4. Bd3 {[%emt 0:00:01]} Nc6 {[%emt 0:00:01]} 5. b3 {[%emt 0:00:01]} c4 {[%emt 0:00:00]} 6. bxc4 {[%emt 0:00:01]} Qd7 {[%emt 0:00:02]} 7. cxd5 {[%emt 0:00:01]} exd5 {[%emt 0:00:01]} 8. Bb2 {[%emt 0:00:01]} Nf6 {[%emt 0:00:02]} 9. Nbd2 {[%emt 0:00:01]} Qc7 {[%emt 0:00:01]} 10. Ne5 {[%emt 0:00:01]} Be6 {[%emt 0:00:01]} 11. f4 {[%emt 0:00:02]} Bd6 {[%emt 0:00:01]} 12. O-O {[%emt 0:00:01]} O-O-O {[%emt 0:00:01]} 13. Nb3 {[%emt 0:00:01]} h5 {[%emt 0:00:02]} 14. a4 {[%emt 0:00:01]} g5 {[%emt 0:00:01]} 15. a5 {[%emt 0:00:02]} gxf4 {[%emt 0:00:02]} 16. exf4 {[%emt 0:00:00]} Nxe5 {[%emt 0:00:02]} 17. fxe5 {[%emt 0:00:01]} Bxe5 {[%emt 0:00:01]} 18. dxe5 {[%emt 0:00:01]} Ng4 {[%emt 0:00:01]} 19. h3 {[%emt 0:00:01]} Rdg8 {[%emt 0:00:02]} 20. hxg4 {[%emt 0:00:03]} Rxg4 {[%emt 0:00:02]} 21. Bf5 {[%emt 0:00:01]} Rh4 {[%emt 0:00:03]} 22. Bxe6+ {[%emt 0:00:02]} fxe6 {[%emt 0:00:02]} 23. Qf3 {[%emt 0:00:01]} Qxe5 {[%emt 0:00:02]} 24. Bxe5 {[%emt 0:00:02] Trotsky Ñäàåòñÿ (Lag: Av=0.34s, max=0.7s)} 1-0

[Event "Stay Safe Play From Home 349"]
[Site "Emanuel Lasker Arena"]
[Date "2020.08.02"]
[Round "4"]
[White "Moasco"]
[Black "Edmatuag"]
[Result "0-1"]
[WhiteElo "1423"]
[BlackElo "1661"]
[Annotator "NA"]
[PlyCount "36"]
[EventDate "2020.08.02"]
[EventType "swiss (blitz)"]

1. Nf3 {[%emt 0:00:03]} d5 {[%emt 0:00:01]} 2. d4 {[%emt 0:00:02]} c5 {[%emt 0:00:01]} 3. dxc5 {[%emt 0:00:02]} e6 {[%emt 0:00:02]} 4. b4 {[%emt 0:00:03]} Nf6 {[%emt 0:00:01]} 5. c3 {[%emt 0:00:02]} a5 {[%emt 0:00:01]} 6. a3 {[%emt 0:00:03]} b6 {[%emt 0:00:03]} 7. cxb6 {[%emt 0:00:02]} axb4 {[%emt 0:00:01]} 8. cxb4 {[%emt 0:00:02]} Bxb4+ {[%emt 0:00:01]} 9. Bd2 {[%emt 0:00:03]} Bxd2+ {[%emt 0:00:04]} 10. Nbxd2 {[%emt 0:00:02]} Qxb6 {[%emt 0:00:01]} 11. a4 {[%emt 0:00:02]} Ba6 {[%emt 0:00:03]} 12. Ng5 {[%emt 0:00:06]} h6 {[%emt 0:00:03]} 13. Ngf3 {[%emt 0:00:03]} Nbd7 {[%emt 0:00:01]} 14. Qb3 {[%emt 0:00:07]} Qxb3 {[%emt 0:00:02]} 15. Nxb3 {[%emt 0:00:04]} Ke7 {[%emt 0:00:01]} 16. e3 {[%emt 0:00:04]} Bxf1 {[%emt 0:00:03]} 17. Rxf1 {[%emt 0:00:02]} Rhb8 {[%emt 0:00:00]} 18. Ra3 {[%emt 0:00:04]} Rb4 {[%emt 0:00:02] TimeW} 0-1

[Event "Stay Safe Play From Home 349"]
[Site "Emanuel Lasker Arena"]
[Date "2020.08.02"]
[Round "5"]
[White "NTBT_DHS"]
[Black "Uber_WING"]
[Result "1-0"]
[WhiteElo "2566"]
[BlackElo "2379"]
[Annotator "TA"]
[PlyCount "63"]
[EventDate "2020.08.02"]
[EventType "swiss (blitz)"]

{[%evp 9,62,31,60,47,97,97,97,84,95,100,96,92,253,254,262,161,452,327,539,297,591,180,1069,1153,1059,1146,1124,1125,1796,1104,1141,1139,1150,1131,1204,1177,5718,5710,29992,29993,29993,29994,29994,29992,29992,29993,29995,29996,29996,29997,29997,29998,29998,29999,29999]} 1. d4 e5 2. Nc3 d6 3. e4 exd4 4. Qxd4 Nf6 5. Bg5 {[#]} Nbd7 $146 ({Predecessor:} 5... Nc6 6. Bb5 Be7 7. Nd5 Nxd5 8. Qxg7 Rf8 9. exd5 Bxg5 10. dxc6 b6 11. Kf1 Be6 12. Re1 Qe7 13. Nf3 Bf6 14. Qxh7 O-O-O 15. Qe4 Kb8 16. Qa4 d5 17. Nd4 Qd6 18. Nxe6 {1-0 (18) Pisakov,I (2346)-Shabanov,Y (2411) Moscow 2009}) 6. O-O-O {A40: Unusual replies to 1 d4.} Be7 {[#]} 7. f4 $1 h6 8. Bh4 {White is better.} c6 9. e5 dxe5 10. fxe5 Nh5 $2 (10... Nd5 $16 {keeps fighting.}) 11. Bxe7 $18 Qxe7 12. Nf3 {Strongly threatening g4.} g5 $2 (12... Nc5) 13. Bc4 {And now e6! would win.} Qc5 $2 (13... c5 14. Qg4 Nxe5 15. Qxh5 (15. Bb5+ Kf8 $14) 15... Bg4) 14. Qe4 Nf4 $2 (14... Nb6 {was called for.}) 15. e6 $2 (15. g3) 15... Nf6 $2 (15... fxe6 16. h4 (16. Bxe6 Nf6 $14) 16... Rf8) 16. exf7+ Kf8 17. Rd8+ Kg7 18. Rxh8 {Rg8+ would kill now.} Nxe4 19. Nxe4 {Threatening mate with Rg8+.} Kxh8 20. Nxc5 Bf5 21. g3 Ng6 22. Nd4 Ne7 23. Re1 Be4 24. Rxe4 {White mates.} Ng6 25. Re8+ {[%mdl 64] Double Attack} Kg7 26. Rg8+ Kf6 27. Rxa8 Kg7 28. Rg8+ Kf6 {[#]} 29. Rxg6+ $1 {[%mdl 64] Remove Defender, Promotion} Kxg6 30. f8=Q {[%csl Gc4][%cal Rf8f7]} Kh5 31. Qf7+ {[%mdl 64] Double Attack} Kg4 32. Be6# {Black did not feel at home in the position after the opening. Accuracy: White = 42%, Black = 15%.} 1-0

[Event "Stay Safe Play From Home 349"]
[Site "Emanuel Lasker Arena"]
[Date "2020.08.02"]
[Round "5"]
[White "BrainThinker22"]
[Black "Stefanone"]
[Result "1-0"]
[WhiteElo "2427"]
[BlackElo "2038"]
[Annotator "NA"]
[PlyCount "79"]
[EventDate "2020.08.02"]
[EventType "swiss (blitz)"]

1. e4 {[%emt 0:00:01]} e6 {[%emt 0:00:01]} 2. Nc3 {[%emt 0:00:02]} d5 {[%emt 0:00:01]} 3. d3 {[%emt 0:00:00]} c6 {[%emt 0:00:01]} 4. e5 {[%emt 0:00:00]} c5 {[%emt 0:00:01]} 5. f4 {[%emt 0:00:00]} Nc6 {[%emt 0:00:00]} 6. g3 {[%emt 0:00:00]} Nge7 {[%emt 0:00:01]} 7. Bg2 {[%emt 0:00:00]} g6 {[%emt 0:00:00]} 8. Nge2 {[%emt 0:00:00]} Bg7 {[%emt 0:00:01]} 9. O-O {[%emt 0:00:01]} Nf5 {[%emt 0:00:00]} 10. h3 {[%emt 0:00:01]} Nfd4 {[%emt 0:00:00]} 11. Nxd4 {[%emt 0:00:01]} Nxd4 {[%emt 0:00:00]} 12. Ne2 {[%emt 0:00:00]} Nxe2+ {[%emt 0:00:01]} 13. Qxe2 {[%emt 0:00:00]} d4 {[%emt 0:00:00]} 14. g4 {[%emt 0:00:01]} O-O {[%emt 0:00:01]} 15. Bd2 {[%emt 0:00:00]} f6 {[%emt 0:00:01]} 16. exf6 {[%emt 0:00:01]} Bxf6 {[%emt 0:00:00]} 17. Rae1 {[%emt 0:00:00]} Bh4 {[%emt 0:00:01]} 18. Rd1 {[%emt 0:00:01]} Bf6 {[%emt 0:00:01]} 19. Be1 {[%emt 0:00:01]} Bh4 {[%emt 0:00:02]} 20. Bxh4 {[%emt 0:00:01]} Qxh4 {[%emt 0:00:00]} 21. Rde1 {[%emt 0:00:02]} Qf6 {[%emt 0:00:01]} 22. f5 {[%emt 0:00:02]} exf5 {[%emt 0:00:01]} 23. Bd5+ {[%emt 0:00:01]} Kh8 {[%emt 0:00:01]} 24. Qe7 {[%emt 0:00:04]} Qxe7 {[%emt 0:00:02]} 25. Rxe7 {[%emt 0:00:00]} f4 {[%emt 0:00:01]} 26. Kf2 {[%emt 0:00:03]} g5 {[%emt 0:00:01]} 27. Rfe1 {[%emt 0:00:00]} Rb8 {[%emt 0:00:01]} 28. Re8 {[%emt 0:00:01]} Rxe8 {[%emt 0:00:01]} 29. Rxe8+ {[%emt 0:00:00]} Kg7 {[%emt 0:00:00]} 30. Be6 {[%emt 0:00:00]} Bxe6 {[%emt 0:00:01]} 31. Rxb8 {[%emt 0:00:00]} Bxa2 {[%emt 0:00:01]} 32. Rxb7+ {[%emt 0:00:01]} Kf6 {[%emt 0:00:01]} 33. Rxa7 {[%emt 0:00:00]} Bd5 {[%emt 0:00:02]} 34. Rxh7 {[%emt 0:00:01]} Ke5 {[%emt 0:00:01]} 35. Rc7 {[%emt 0:00:01]} Kd6 {[%emt 0:00:01]} 36. Rg7 {[%emt 0:00:00]} f3 {[%emt 0:00:02]} 37. Rxg5 {[%emt 0:00:00]} Bf7 {[%emt 0:00:01]} 38. Rf5 {[%emt 0:00:00]} Be6 {[%emt 0:00:01]} 39. Rxf3 {[%emt 0:00:00]} Ke5 {[%emt 0:00:01]} 40. c3 {[%emt 0:00:02] Stefanone abbandona (Lag: Av=0.35s, max=1.1s)} 1-0

[Event "Stay Safe Play From Home 349"]
[Site "Emanuel Lasker Arena"]
[Date "2020.08.02"]
[Round "5"]
[White "little champs"]
[Black "AChessPlayer"]
[Result "0-1"]
[WhiteElo "2164"]
[BlackElo "2410"]
[Annotator "TA"]
[PlyCount "128"]
[EventDate "2020.08.02"]
[EventType "swiss (blitz)"]

{[%evp 10,128,17,12,13,7,7,9,39,0,28,3,9,0,56,51,31,27,86,-22,68,30,52,9,37,0,27,-60,82,36,29,34,33,0,53,29,37,28,32,37,89,72,80,26,28,28,67,68,147,147,113,0,0,0,0,8,0,0,29,0,266,-2,-6,-6,0,0,7,0,342,0,419,0,0,0,61,80,214,209,373,205,262,68,220,217,210,211,261,125,169,0,0,-1374,-1292,-1157,-1133,-2022,-873,-12838,-12839,-12839,-9527,-12845,-12842,-12846,-12840,-12845,-12845,-12845,-12841,-12845,-12844,-12848,-12847,-12851,-12851,-12851,-12851,-12851,-12851,-12851,-12851]} 1. d4 Nf6 2. e3 g6 3. Nf3 Bg7 4. Bd3 O-O 5. O-O d6 6. c4 Nbd7 {E60: King's Indian: Unusual lines and Fianchetto Variation without Nc3.} 7. a3 c5 8. Nc3 a6 {The position is equal.} 9. h3 {[#]} Rb8 $146 ({Predecessor:} 9... b6 10. b4 Qc7 11. Bb2 Bb7 12. d5 Rae8 13. e4 e6 14. Re1 Nh5 15. Qd2 e5 {0-1 (34) Bezvitelnov,D (1654)-Zaletov,Y (2119) Dimitrovgrad 2009}) 10. Rb1 e6 11. b4 cxd4 (11... b6 $11) 12. exd4 $14 Qc7 13. Re1 e5 (13... b5 $11) 14. d5 (14. Bg5 $16) 14... b6 (14... b5 $1 $11) 15. Qc2 Re8 16. Bb2 Nf8 17. Ng5 Bd7 18. f3 (18. a4 $11) 18... Bh6 (18... Nh5 $15) 19. Nge4 (19. Bc1 {seems wilder.} Rec8 20. Qf2 b5 21. Nce4 Bg7 22. c5) 19... Nxe4 20. Nxe4 {Strongly threatening Nf6+.} Bg7 21. Rbc1 h6 (21... f5 $11 22. Nf2 Bh6) 22. c5 bxc5 23. bxc5 dxc5 24. Ba1 $36 {[%mdl 2048] White fights for an advantage.} c4 ({Better is} 24... Bb5 $14) 25. Qxc4 Qa7+ 26. Kh1 (26. Qc5 $16 Qxc5+ 27. Nxc5 (27. Rxc5 Bb5 $16)) 26... Bb5 $11 27. Qc3 Bxd3 28. Qxd3 Nd7 (28... Qb6 $14) 29. Nd6 Red8 30. Nc4 ({White should try} 30. Rc6 $16) 30... Nc5 31. Qe3 Rxd5 32. Nxe5 Re8 {Hoping for ...Rdxe5.} 33. f4 {Threatens to win with Bd4.} Qe7 34. Qf3 Qe6 $2 {[%mdl 8192] [#]} (34... Qd6 $11 {and Black is okay.}) 35. Rcd1 $2 (35. Nxg6 $1 $18 {[%mdl 512]} Ne4 (35... Qxg6 36. Rxe8+) 36. Ne5) 35... Rxd1 36. Rxd1 Nb3 37. Bc3 Nc5 38. Bb4 Qb6 $2 {[%mdl 8192]} (38... Bxe5 $11 {and Black has nothing to worry.} 39. fxe5 Qxe5) 39. Qe3 $2 (39. Qd5 $18 Rxe5 40. fxe5) 39... Na4 $2 {[%mdl 8192]} (39... Nd7 $11 40. Qxb6 Nxb6) 40. Qxb6 $2 (40. Qb3 $18 Rxe5 41. fxe5) 40... Nxb6 41. Rd6 Nc8 (41... Bxe5 $11 42. Rxb6 Bxf4) 42. Rxa6 $14 Bxe5 (42... Ne7 $16) 43. fxe5 {[%mdl 4096] Endgame KRB-KRN} Kh7 $2 (43... Rxe5 44. Ra8 Re8) 44. Ra5 (44. Ra8 $142) 44... g5 45. Rc5 $2 ({White should play} 45. Ra8 $18) 45... Kg6 $2 (45... Nb6 $14) 46. g4 $18 Ne7 47. a4 Rd8 48. Rc7 (48. a5 $18) 48... Rd1+ {[#]} 49. Kg2 $2 ({White must play} 49. Kh2 $1 $18 Nd5 50. Rd7) 49... Nd5 $11 50. Rd7 $2 {[%mdl 8192] White is on the road to losing.} (50. Rc6+ $11 Kg7 51. Bc5) 50... Nf4+ $19 {[%mdl 64] Discovered Attack. Black is clearly winning.} 51. Kf3 Rxd7 52. e6 Rd8 53. exf7 Kxf7 54. a5 Ra8 55. a6 Nd5 56. Ke4 Nc7 57. Kf5 Nxa6 58. Bd2 Nc7 59. h4 Ne6 60. hxg5 hxg5 61. Bxg5 Rb8 62. Ke4 Rb5 63. Be3 Rb4+ 64. Kf3 Rb3 {Accuracy: White = 36%, Black = 38%.} 0-1

[Event "Stay Safe Play From Home 349"]
[Site "Emanuel Lasker Arena"]
[Date "2020.08.02"]
[Round "5"]
[White "SelamiSahin"]
[Black "Nuktotitakoi"]
[Result "0-1"]
[WhiteElo "2145"]
[BlackElo "2311"]
[Annotator "TA"]
[PlyCount "116"]
[EventDate "2020.08.02"]
[EventType "swiss (blitz)"]

{[%evp 9,116,30,48,48,87,43,58,26,15,2,3,-35,-33,-45,-38,-77,-74,-81,-53,-119,-92,-104,-12,-140,-145,-278,-278,-278,-278,-278,-247,-267,-224,-245,-242,-259,-258,-305,-299,-309,-318,-397,-394,-395,-395,-395,-392,-386,-384,-420,-414,-455,-459,-443,-452,-470,-465,-464,-464,-621,-608,-647,-586,-658,-609,-600,-607,-804,-790,-953,-676,-980,-969,-929,-900,-782,-557,-1105,-1099,-1024,-998,-1157,-1153,-1261,-1275,-1477,-1562,-1820,-1861,-1858,-1974,-2144,-1591,-1521,-2139,-1942,-1916,-29958,-10358,-6057,-5595,-29987,-29988,-29988,-29989,-29994,-29990,-29994,-29995]} 1. d4 d6 2. c4 Nf6 3. Nc3 g6 4. e4 Bg7 5. Be3 c6 6. Be2 {A42: Modern Defence: Averbakh Variation.} a6 7. Nf3 b5 {[#]} 8. O-O $146 {White is slightly better.} ({Predecessor:} 8. cxb5 axb5 9. a3 O-O 10. O-O Nbd7 11. d5 Bb7 12. dxc6 Bxc6 13. Nd4 Bb7 14. f3 {1-0 (60) Brenke,A (2404)-Jenni,F (2508) Lippstadt 2003}) 8... b4 9. Na4 {With the idea e5.} (9. e5 $5 {[%cal Re5f6]} Ng4 10. Na4 $14) 9... Nxe4 10. b3 O-O 11. Rc1 Nd7 12. c5 d5 13. Nd2 Ndf6 14. f4 (14. Nxe4 $15 Nxe4 15. f3) 14... Nxd2 15. Qxd2 Ne4 (15... a5 $17 16. Nb6 Ne4) 16. Qd3 {Black keeps a firm grip on the game.} (16. Qxb4 $11 a5 17. Qe1) 16... a5 $17 17. Bf3 (17. Qc2 $17) 17... Ba6 $19 {[%mdl 64] [#] Skewer} 18. Qd1 Bxf1 19. Qxf1 Rb8 20. Qd3 Nf6 21. Bf2 Qd7 22. g3 Qf5 23. Qxf5 gxf5 24. Re1 Ne4 25. Kg2 Nxf2 26. Kxf2 Bxd4+ 27. Kg2 Bf6 28. Nb6 Rfd8 29. h3 e6 30. g4 fxg4 31. hxg4 Kf8 32. Kg3 Bc3 33. Rd1 Ke7 34. f5 Rg8 35. Kf4 Bf6 36. Bh1 Bg5+ 37. Kf3 h6 38. fxe6 fxe6 39. Re1 Rgf8+ 40. Kg2 Bh4 41. Re2 Rf4 42. Kh3 Bg5 {Strongly threatening ...Rd4.} 43. Bxd5 cxd5 44. Nxd5+ Kd7 45. Nxf4 Bxf4 {[%mdl 4096] Endgame KRB-KR} 46. Re4 e5 47. Kh4 Rc8 48. Rc4 Kc6 49. Kh5 Rd8 50. Kg6 Rd5 51. Kf5 Rxc5 52. Re4 Rc2 53. a4 bxa3 54. Ra4 a2 55. b4 axb4 {Black mates.} 56. Ra6+ Kb5 57. Ra4 b3 58. Ra6 Kxa6 {Accuracy: White = 35%, Black = 76%.} 0-1

[Event "Stay Safe Play From Home 349"]
[Site "Emanuel Lasker Arena"]
[Date "2020.08.02"]
[Round "5"]
[White "TheCHESSHOUSE"]
[Black "Mepe_Nika"]
[Result "0-1"]
[WhiteElo "2093"]
[BlackElo "2346"]
[Annotator "TA"]
[PlyCount "70"]
[EventDate "2020.08.02"]
[EventType "swiss (blitz)"]

{[%evp 15,70,15,15,15,16,10,16,28,8,0,4,0,20,0,20,11,0,-55,-54,-55,-42,-48,-38,-153,-156,-204,-151,-147,-149,-145,-140,-147,-140,-143,-143,-697,-689,-764,-600,-924,-724,-697,-637,-895,-895,-878,-885,-1360,-1334,-2235,-794,-2362,-941,-29993,-29994,-29994,-29995]} 1. d4 d5 2. c4 c6 3. cxd5 cxd5 4. Nc3 Nf6 5. Bf4 Nc6 6. Nf3 a6 7. Rc1 Bf5 8. e3 Rc8 9. Be2 {D13: Slav Defence: Exchange variation without ...Bf5.} e6 10. O-O Bd6 11. Bxd6 {The position is equal.} Qxd6 12. h3 O-O 13. Na4 {[#]} Ne4 $146 ({Predecessor:} 13... Rc7 14. Nc5 Rfc8 15. Qb3 Qe7 16. Rc3 Ne4 17. Nxe4 dxe4 18. Nd2 Qg5 19. Kh2 Nxd4 20. Qxb7 {1-0 (26) Roos,J (2249)-Drabke,L (2472) Germany 2014}) 14. a3 Ne7 15. Qb3 b5 $36 {[%mdl 2048] Black has good play.} 16. Nc5 (16. Nc3 $11) 16... Nxc5 $15 17. dxc5 Rxc5 18. Qb4 Rfc8 19. Rcd1 (19. Rc3 $15) 19... Nc6 $17 20. Qh4 Ne5 21. Nd4 Bg6 22. f4 Nc4 23. Bxc4 Rxc4 24. f5 exf5 25. Nxf5 $2 {[%mdl 8192] [#] This costs White the game.} (25. Qf2 $17) 25... Bxf5 $19 26. Qg5 Bg6 27. Kh1 d4 28. exd4 Rxd4 29. Rde1 h6 30. Qe3 Rd2 31. b4 Rcc2 32. Rg1 Qd4 33. Qe8+ Kh7 {( -> ...Qd5!)} 34. Qe7 {[#]} Qd5 $1 35. Re2 Rxe2 {Accuracy: White = 63%, Black = 89%.} 0-1